<?xml version="1.0" encoding="UTF-8"?>
<collection xmlns="http://www.loc.gov/MARC21/slim">
 <record>
  <leader>00587nam a22001575a 4500</leader>
  <controlfield tag="001">DER.der015607</controlfield>
  <controlfield tag="008">251215s2014####ag############000#0#und#d</controlfield>
  <controlfield tag="005">20251215095704.0</controlfield>
  <datafield tag="245" ind1="1" ind2="0">
   <subfield code="a">Código Civil y Comercial de la Nación :</subfield>
   <subfield code="b">familia.</subfield>
   <subfield code="p">suplemento especial /</subfield>
   <subfield code="c">dirigido por Aída Kemelmajer de Carlucci y Marisa Herrera.</subfield>
  </datafield>
  <datafield tag="250" ind1=" " ind2=" ">
   <subfield code="a">1a. ed.</subfield>
  </datafield>
  <datafield tag="260" ind1=" " ind2=" ">
   <subfield code="a">Ciudad Autónoma de Buenos Aires :</subfield>
   <subfield code="b">La Ley,</subfield>
   <subfield code="c">2014.</subfield>
  </datafield>
  <datafield tag="300" ind1=" " ind2=" ">
   <subfield code="a">153 p.</subfield>
  </datafield>
  <datafield tag="100" ind1="1" ind2=" ">
   <subfield code="a">Kemelmajer de Carlucci, Aída,</subfield>
   <subfield code="e">dir.</subfield>
  </datafield>
  <datafield tag="700" ind1="1" ind2=" ">
   <subfield code="a">Herrera, Marisa,</subfield>
   <subfield code="e">dir.</subfield>
  </datafield>
  <datafield tag="650" ind1=" " ind2="7">
   <subfield code="a">DERECHO DE FAMILIA</subfield>
  </datafield>
  <datafield tag="859" ind1=" " ind2=" ">
   <subfield code="a">DERECHO</subfield>
   <subfield code="b">BIB. DERECHO</subfield>
   <subfield code="h">346.013</subfield>
   <subfield code="i">COD</subfield>
   <subfield code="p">007914</subfield>
  </datafield>
 </record>
</collection>
